000 00279nam a2200097Ia 4500
082 _a551.9 EBY
245 0 _aPrinciples of environmental geochemistry
100 _a EBY, G Nelson Pacific Grove, CA, 2004
_976139
942 _cBK
008 210817s9999 xx 000 0 und d
999 _c252700
_d252699